[Event "XIe open de Saint-Chély d'Aubrac"]
[Site "Saint-Chely d'Aubrac"]
[Date "2011.07.12"]
[Round "5.1"]
[White "Cornette, Matthieu"]
[Black "Benmesbah, Natacha"]
[Result "1/2-1/2"]
[WhiteElo "2568"]
[BlackElo "2217"]
[PlyCount "99"]
[EventDate "2011.??.??"]

1. d4 Nf6 2. c4 c5 3. d5 e6 4. Nc3 exd5 5. cxd5 d6 6. e4 g6 7. h3 Bg7 8. Nf3
O-O 9. Bd3 Nbd7 10. O-O Nh5 11. Re1 Qe7 12. Bg5 Bf6 13. Be3 Ne5 14. Be2 Ng7 15.
Qd2 Nxf3+ 16. Bxf3 Be5 17. Bf4 Ne8 18. a3 Nf6 19. Bg5 Qd7 20. b4 b6 21. Rab1
Kh8 22. bxc5 bxc5 23. Bd1 Ba6 24. Be3 Kg8 25. Bc2 Rac8 26. Ba4 Qc7 27. Bh6 Qa5
28. Rbc1 Nh5 29. Bc6 Rfd8 30. g4 Ng7 31. Be3 Qxa3 32. f4 Bxc3 33. Rxc3 Qb4 34.
Qc2 Rb8 35. Ra1 Bc8 36. Rxa7 h5 37. f5 hxg4 38. hxg4 gxf5 39. gxf5 Bxf5 40. Ra4
Qb1+ 41. Qxb1 Rxb1+ 42. Kf2 Bg6 43. e5 dxe5 44. Bxc5 Nf5 45. Ra8 Rb2+ 46. Ke1
Rxa8 47. Bxa8 Nd4 48. d6 Bf5 49. Bd5 Kg7 50. Bxd4 1/2-1/2

[Event "XIe open de Saint-Chély d'Aubrac"]
[Site "Saint-Chely d'Aubrac"]
[Date "2011.07.12"]
[Round "5.2"]
[White "Van Hoolandt, Patrick"]
[Black "Riff, Jean-Noel"]
[Result "0-1"]
[WhiteElo "2166"]
[BlackElo "2493"]
[PlyCount "68"]
[EventDate "2011.??.??"]

1. d4 e6 2. c4 Nf6 3. Nf3 Bb4+ 4. Bd2 a5 5. g3 d5 6. Qc2 O-O 7. Bg2 Be7 8. O-O
c6 9. Bg5 b6 10. Nbd2 Ba6 11. Rac1 Nbd7 12. e4 Rc8 13. Rfd1 h6 14. Bxf6 Nxf6
15. h3 Bb7 16. a3 c5 17. exd5 exd5 18. dxc5 Rxc5 19. Nd4 Re8 20. Qa4 Qa8 21.
Nf5 Bf8 22. b4 Rcc8 23. bxa5 Bc6 24. Qc2 Qxa5 25. Nb3 Qxa3 26. Nfd4 Bd7 27. Qd3
dxc4 28. Rxc4 Rxc4 29. Qxc4 Qb4 30. Qc7 Re1+ 31. Rxe1 Qxe1+ 32. Kh2 Qxf2 33.
Qxb6 Be6 34. Qb7 Bd6 0-1

[Event "XIe open de Saint-Chély d'Aubrac"]
[Site "Saint-Chely d'Aubrac"]
[Date "2011.07.12"]
[Round "5.3"]
[White "Biaux, Alain"]
[Black "Galloux, Maxime"]
[Result "1/2-1/2"]
[WhiteElo "1909"]
[BlackElo "2075"]
[PlyCount "109"]
[EventDate "2011.??.??"]

1. e4 c6 2. d4 d5 3. exd5 cxd5 4. Bd3 Nc6 5. c3 Nf6 6. Bf4 Bg4 7. Nf3 e6 8. O-O
Be7 9. Nbd2 O-O 10. h3 Bh5 11. Qe2 Re8 12. Qe3 Bg6 13. Bxg6 hxg6 14. Ne5 Nxe5
15. Bxe5 b5 16. Bxf6 Bxf6 17. Nf3 Qd6 18. a3 Rec8 19. Rfe1 a5 20. Re2 Rc7 21.
g3 Rac8 22. Qd2 Rb7 23. Rc1 Rcb8 24. Qe3 Rc7 25. Rec2 Rbc8 26. Qd3 Qb6 27. Kg2
Qb7 28. Kf1 Rc4 29. Ke2 Qc7 30. Kd1 Kf8 31. h4 Ke7 32. Nd2 Rc6 33. Qxb5 Bxd4
34. Qe2 Bf6 35. Nf3 Rc4 36. Nd2 Rc6 37. Nf3 Qb8 38. Rd2 Qb3+ 39. Ke1 Rc4 40.
Kf1 Kf8 41. Rcd1 a4 42. Kg2 Qb7 43. Kh2 Qb8 44. Kg2 R8c6 45. Ne1 Rb6 46. Nd3
Rc8 47. Nb4 Qc7 48. Qd3 Qc4 49. Qxc4 Rxc4 50. f4 Rd6 51. Nc2 Bd8 52. Ne3 Re4
53. Nc2 Bb6 54. Kf3 Ba7 55. Re2 1/2-1/2

[Event "XIe open de Saint-Chély d'Aubrac"]
[Site "Saint-Chely d'Aubrac"]
[Date "2011.07.12"]
[Round "5.4"]
[White "De Leeuw, Johannes"]
[Black "Messinger, Karl"]
[Result "1/2-1/2"]
[WhiteElo "1827"]
[BlackElo "1988"]
[PlyCount "114"]
[EventDate "2011.??.??"]

1. e4 c5 2. Nf3 Nc6 3. c3 d6 4. Be2 Nf6 5. d3 e5 6. O-O g6 7. Nbd2 Bg7 8. Re1
O-O 9. Nf1 Nh5 10. Ng3 Nf4 11. Bf1 h5 12. Ne2 g5 13. g3 Bg4 14. Nxf4 gxf4 15.
h3 Bxf3 16. Qxf3 Qg5 17. Be2 h4 18. Kh2 hxg3+ 19. fxg3 fxg3+ 20. Qxg3 Qxg3+ 21.
Kxg3 Ne7 22. Bg4 f5 23. exf5 Nxf5+ 24. Kh2 Nh4 25. Kg3 Ng6 26. Bg5 Rae8 27. Rf1
Nf4 28. Rad1 Rf7 29. Bxf4 exf4+ 30. Kg2 Re3 31. Rf3 Re2+ 32. Rf2 Rxf2+ 33. Kxf2
Re7 34. Re1 Be5 35. Kf3 Kf7 36. Bh5+ Kf6 37. Bg4 b5 38. Re2 d5 39. b3 a5 40. d4
cxd4 41. cxd4 Bxd4 42. Rxe7 Kxe7 43. Kxf4 Kd6 44. Kf3 Kc5 45. Be6 Bf6 46. Ke2
Kd4 47. Bd7 b4 48. Kd2 Ke4 49. Bg4 Bg5+ 50. Kd1 Kd3 51. Be6 d4 52. Bc4+ Kc3 53.
Ke2 Be3 54. h4 Kb2 55. Kd3 Kxa2 56. h5 Ka3 57. Kc2 Bh6 1/2-1/2

[Event "XIe open de Saint-Chély d'Aubrac"]
[Site "Saint-Chely d'Aubrac"]
[Date "2011.07.12"]
[Round "5.5"]
[White "Lagunes, Robin"]
[Black "Carno, Matthias"]
[Result "1-0"]
[WhiteElo "1835"]
[BlackElo "1921"]
[PlyCount "41"]
[EventDate "2011.??.??"]

1. e4 e5 2. Nf3 Nc6 3. Bb5 a6 4. Bxc6 dxc6 5. O-O Bg4 6. c3 Bc5 7. b4 Ba7 8.
Qe2 Qd7 9. Na3 O-O-O 10. Nc4 f6 11. a4 Ne7 12. Ba3 Ng6 13. g3 h5 14. b5 axb5
15. axb5 Bxf3 16. Qxf3 cxb5 17. Bc5 bxc4 18. Rxa7 Qd3 19. Qf5+ Kb8 20. Rfa1 b6
21. Qe6 1-0

[Event "XIe open de Saint-Chély d'Aubrac"]
[Site "Saint-Chely d'Aubrac"]
[Date "2011.07.12"]
[Round "5.6"]
[White "Lagunes, Jean-Renaud"]
[Black "Schmitt, Claude"]
[Result "1/2-1/2"]
[WhiteElo "2116"]
[BlackElo "1831"]
[PlyCount "38"]
[EventDate "2011.??.??"]

1. e4 c5 2. Nf3 e6 3. b3 a6 4. g3 Nc6 5. Bg2 d5 6. exd5 exd5 7. O-O d4 8. Re1+
Be7 9. Na3 Nf6 10. Nc4 O-O 11. a4 Nd5 12. a5 Bf6 13. Ba3 Ncb4 14. Bxb4 Nxb4 15.
d3 Be6 16. Nb6 Rb8 17. Nd2 Be7 18. h4 Bd6 19. Ne4 Bc7 1/2-1/2

[Event "XIe open de Saint-Chély d'Aubrac"]
[Site "Saint-Chely d'Aubrac"]
[Date "2011.07.12"]
[Round "5.7"]
[White "Tassetti, Florent"]
[Black "Goulesque, Camille"]
[Result "1-0"]
[WhiteElo "1692"]
[BlackElo "1660"]
[PlyCount "51"]
[EventDate "2011.??.??"]

1. c4 Nf6 2. Nc3 d5 3. cxd5 Nxd5 4. g3 Nxc3 5. bxc3 e6 6. Bg2 Bd6 7. Rb1 c6 8.
Nf3 O-O 9. O-O Nd7 10. d4 Nf6 11. Bg5 h6 12. Bxf6 Qxf6 13. Nd2 Bc7 14. f4 Rd8
15. Ne4 Qe7 16. Qa4 Rd5 17. Nc5 Rxc5 18. dxc5 Qxc5+ 19. Kh1 Qxc3 20. Rfc1 Qe3
21. Bxc6 bxc6 22. Qxc6 Ba6 23. Qxa8+ Kh7 24. Qf3 Bb7 25. Qxb7 Bb6 26. Qf3 1-0

[Event "XIe open de Saint-Chély d'Aubrac"]
[Site "Saint-Chely d'Aubrac"]
[Date "2011.07.12"]
[Round "5.8"]
[White "Guichard, Pauline"]
[Black "Herrero, Alain"]
[Result "1-0"]
[WhiteElo "2305"]
[BlackElo "1774"]
[PlyCount "39"]
[EventDate "2011.??.??"]

1. d4 Nf6 2. c4 g6 3. Nc3 d5 4. Nf3 Bg7 5. e3 O-O 6. cxd5 Nxd5 7. Bc4 Nxc3 8.
bxc3 c5 9. O-O Nc6 10. Ba3 Na5 11. Be2 cxd4 12. cxd4 Bf5 13. Qa4 Nc6 14. Rac1
Qd7 15. Rfd1 Rfd8 16. Bb5 Be4 17. d5 Bxd5 18. e4 e6 19. exd5 exd5 20. Rxc6 1-0

[Event "XIe open de Saint-Chély d'Aubrac"]
[Site "Saint-Chely d'Aubrac"]
[Date "2011.07.12"]
[Round "5.9"]
[White "Grange, Emmanuel"]
[Black "Muller, Anne"]
[Result "0-1"]
[WhiteElo "1675"]
[BlackElo "2140"]
[PlyCount "30"]
[EventDate "2011.??.??"]

1. e4 c5 2. c3 d5 3. exd5 Qxd5 4. d4 Nf6 5. Nf3 e6 6. Bb5+ Bd7 7. c4 Qf5 8. Nc3
Be7 9. O-O h6 10. Re1 cxd4 11. Nxd4 Qg6 12. Qf3 O-O 13. Qxb7 Bxb5 14. Ncxb5
Nbd7 15. Qxd7 Nxd7 0-1

[Event "XIe open de Saint-Chély d'Aubrac"]
[Site "Saint-Chely d'Aubrac"]
[Date "2011.07.12"]
[Round "5.10"]
[White "Burri, Quentin"]
[Black "Huin, Eric"]
[Result "1/2-1/2"]
[WhiteElo "1657"]
[BlackElo "1869"]
[PlyCount "80"]
[EventDate "2011.??.??"]

1. e4 e5 2. Bc4 Nc6 3. Nc3 Nf6 4. d3 Be7 5. f4 exf4 6. Bxf4 d6 7. Nf3 O-O 8.
O-O Na5 9. Bb3 Nxb3 10. axb3 c6 11. d4 d5 12. exd5 Nxd5 13. Nxd5 cxd5 14. Qd3
Be6 15. c4 Bd6 16. Ng5 g6 17. Bxd6 Qxd6 18. Rae1 Rae8 19. c5 Qd8 20. Nxe6 Rxe6
21. Rxe6 fxe6 22. Re1 Qf6 23. Qe3 Kg7 24. Qe5 Qxe5 25. Rxe5 Kf6 26. Kf2 Ke7+
27. Kg3 Rf5 28. Rxf5 exf5 29. Kf4 Kf6 30. b4 g5+ 31. Kf3 a6 32. b3 h5 33. g3 f4
34. gxf4 g4+ 35. Kg3 Kf5 36. Kh4 Kxf4 37. Kxh5 Kf5 38. Kh4 Kf4 39. Kh5 Kf5 40.
Kh4 Kf4 1/2-1/2

[Event "XIe open de Saint-Chély d'Aubrac"]
[Site "Saint-Chely d'Aubrac"]
[Date "2011.07.12"]
[Round "5.11"]
[White "Devoille, Hugo"]
[Black "Grange, Romain"]
[Result "1/2-1/2"]
[WhiteElo "1786"]
[BlackElo "1721"]
[PlyCount "75"]
[EventDate "2011.??.??"]

1. e4 Nf6 2. e5 Nd5 3. d4 d6 4. Nf3 Bg4 5. Be2 c6 6. c4 Nb6 7. exd6 exd6 8. b3
Be7 9. Bb2 Bf6 10. Nc3 N8d7 11. O-O O-O 12. h3 Bf5 13. Bd3 Bg6 14. Re1 Re8 15.
Bxg6 fxg6 16. Qd2 d5 17. cxd5 cxd5 18. Ne2 Qe7 19. Nf4 Qf7 20. Nd3 Rxe1+ 21.
Rxe1 Qf8 22. Nfe5 Qd8 23. Nxd7 Nxd7 24. Nc5 Nxc5 25. dxc5 Bxb2 26. Qxb2 Rc8 27.
Qd4 Qd7 28. Rd1 Rd8 29. a4 a6 30. Qe5 d4 31. Rd3 Kf7 32. Qf4+ Kg8 33. Qe4 Kf7
34. Qf3+ Kg8 35. Qf4 Qd5 36. Qc7 Rd7 37. Qc8+ Rd8 38. Qc7 1/2-1/2

[Event "XIe open de Saint-Chély d'Aubrac"]
[Site "Saint-Chely d'Aubrac"]
[Date "2011.07.12"]
[Round "5.12"]
[White "Hug, Timothee"]
[Black "Manser, Lucas"]
[Result "1-0"]
[WhiteElo "1786"]
[BlackElo "1640"]
[PlyCount "78"]
[EventDate "2011.??.??"]

1. e4 c6 2. d4 d5 3. exd5 cxd5 4. c4 Nf6 5. h3 Nc6 6. Nf3 e6 7. Nc3 Be7 8. Bf4
a6 9. a3 O-O 10. cxd5 Nxd5 11. Nxd5 Qxd5 12. Bd3 Bf6 13. Be3 Rd8 14. Qc2 h6 15.
Rd1 Qd7 16. O-O b5 17. Ne5 Bxe5 18. dxe5 Qe8 19. Bb6 Rd5 20. Be4 Rxd1 21. Rxd1
Bd7 22. Rxd7 Qxd7 23. Bxc6 Rc8 24. Bxd7 Rxc2 25. b4 Rc3 26. a4 Rd3 27. axb5 a5
28. bxa5 Rd1+ 29. Kh2 Rxd7 30. a6 Kf8 31. a7 Rxa7 32. Bxa7 Ke8 33. b6 Kd7 34.
b7 Kc6 35. b8=Q Kd5 36. Qd6+ Ke4 37. Qd4+ Kf5 38. g4+ Kg5 39. f4+ Kh4 1-0

[Event "XIe open de Saint-Chély d'Aubrac"]
[Site "Saint-Chely d'Aubrac"]
[Date "2011.07.12"]
[Round "5.13"]
[White "Griggio, Jean-Paul"]
[Black "Costa, Matthieu"]
[Result "1-0"]
[WhiteElo "1784"]
[BlackElo "1566"]
[PlyCount "77"]
[EventDate "2011.??.??"]

1. d4 d5 2. c4 e6 3. Nf3 Nc6 4. e3 Nf6 5. a3 Bd7 6. Be2 b6 7. Nc3 Bd6 8. cxd5
exd5 9. Qc2 a6 10. e4 dxe4 11. Nxe4 Qe7 12. Nc3 h6 13. h3 O-O 14. O-O Rfe8 15.
Bd3 Bc8 16. Bd2 Bb7 17. Rfe1 Qd7 18. Bf5 Qd8 19. Rxe8+ Qxe8 20. Re1 Qf8 21. Be3
Re8 22. Qc1 Na5 23. Nd2 Nd5 24. b4 Nxe3 25. fxe3 Nc6 26. Be4 Ba8 27. Ne2 Na7
28. Bxa8 Rxa8 29. Nc4 Qe7 30. Qc2 Rc8 31. Qd3 b5 32. Na5 c6 33. Nc3 Bc7 34. Nb3
Bb6 35. Ne4 Rd8 36. Nec5 Nc8 37. Nxa6 Qa7 38. Nbc5 Bxc5 39. Nxc5 1-0

[Event "XIe open de Saint-Chély d'Aubrac"]
[Site "Saint-Chely d'Aubrac"]
[Date "2011.07.12"]
[Round "5.14"]
[White "Joyeux, Gerard"]
[Black "Meyer, Eric"]
[Result "1/2-1/2"]
[WhiteElo "1633"]
[BlackElo "1708"]
[PlyCount "91"]
[EventDate "2011.??.??"]

1. d4 d6 2. e4 Nf6 3. Nc3 g6 4. Bg5 c6 5. Qd2 h6 6. Bxf6 exf6 7. Bc4 Bg7 8.
O-O-O O-O 9. h3 Qc7 10. Nge2 Re8 11. Nf4 Kh7 12. f3 h5 13. Kb1 Bh6 14. g3 a5
15. Qf2 b5 16. Bd3 Nd7 17. Ng2 Kg7 18. g4 hxg4 19. hxg4 Rh8 20. f4 Bb7 21. Ne3
b4 22. Ne2 c5 23. g5 fxg5 24. fxg5 Bxg5 25. Rxh8 Rxh8 26. Rg1 Bxe3 27. Qxe3 c4
28. Ng3 cxd3 29. cxd3 Qb6 30. Qg5 Kf8 31. Nf5 gxf5 32. Qg7+ Ke7 33. Qxh8 Nf6
34. exf5 Qxd4 35. Re1+ Kd7 36. Qh3 Bd5 37. Qf1 a4 38. Qe2 Kc6 39. Rc1+ Kb5 40.
Rc8 a3 41. Rb8+ Ka5 42. bxa3 bxa3 43. Qd2+ Ka6 44. Rb4 Qg1+ 45. Kc2 Qg2 46.
Ra4+ 1/2-1/2

[Event "XIe open de Saint-Chély d'Aubrac"]
[Site "Saint-Chely d'Aubrac"]
[Date "2011.07.12"]
[Round "5.15"]
[White "Grange, Gary"]
[Black "Neff, Thomas"]
[Result "0-1"]
[WhiteElo "1261"]
[BlackElo "1424"]
[PlyCount "34"]
[EventDate "2011.??.??"]

1. d4 Nf6 2. c4 e5 3. Nc3 exd4 4. Qxd4 Nc6 5. Qd1 h6 6. Bf4 Bb4 7. Qd2 d6 8.
Qe3+ Be6 9. Nf3 O-O 10. Qd3 Qd7 11. Rc1 Bf5 12. Qd2 Ne4 13. Qe3 Bc5 14. Qd2
Nxd2 15. Nxd2 a6 16. e4 Bg6 17. Bd3 Rae8 0-1

[Event "XIe open de Saint-Chély d'Aubrac"]
[Site "Saint-Chely d'Aubrac"]
[Date "2011.07.12"]
[Round "5.16"]
[White "Kirchhoff, Matthieu"]
[Black "Hug, Roxana"]
[Result "1-0"]
[WhiteElo "1598"]
[BlackElo "1530"]
[PlyCount "83"]
[EventDate "2011.??.??"]

1. d4 d5 2. Nf3 c6 3. Bf4 Nf6 4. e3 a6 5. Bd3 b5 6. c3 Bb7 7. h3 Nbd7 8. Ne5 e6
9. Nd2 Be7 10. g4 h6 11. Qc2 Nxe5 12. Bxe5 a5 13. a4 Ba6 14. O-O Bd6 15. f4
Bxe5 16. fxe5 Nd7 17. Bg6 O-O 18. Bd3 Qh4 19. Kg2 Qd8 20. e4 Rc8 21. exd5 exd5
22. Nf3 Re8 23. Rae1 Nf8 24. Qe2 Rb8 25. Kg3 Ne6 26. Nh4 Rf8 27. Bb1 Re8 28.
Nf5 Ra8 29. Qc2 Ng5 30. Nd6 Rf8 31. h4 Ne4+ 32. Nxe4 dxe4 33. Qxe4 Re8 34. Rf3
Ra7 35. Ref1 g6 36. Ba2 Rf8 37. Qxg6+ Kh8 38. Qxh6+ Kg8 39. Bb1 Re8 40. Qh7+
Kf8 41. Rxf7+ Rxf7 42. Qxf7# 1-0

[Event "XIe open de Saint-Chély d'Aubrac"]
[Site "Saint-Chely d'Aubrac"]
[Date "2011.07.12"]
[Round "5.17"]
[White "Marie, Olivier"]
[Black "Guerry, Emilien"]
[Result "1/2-1/2"]
[WhiteElo "1678"]
[BlackElo "1471"]
[PlyCount "89"]
[EventDate "2011.??.??"]

1. e4 c5 2. Nf3 e6 3. Nc3 Nc6 4. d3 Nge7 5. d4 cxd4 6. Nxd4 Nxd4 7. Qxd4 Nc6 8.
Qd1 a6 9. Be3 Qc7 10. Bd3 Bb4 11. Qd2 Ne5 12. Be2 Nc4 13. Bxc4 Qxc4 14. Qd3
Bxc3+ 15. bxc3 Qc7 16. O-O O-O 17. c4 f5 18. exf5 Rxf5 19. Bd2 Rc5 20. Rfe1
Rxc4 21. Rac1 b5 22. g3 Bb7 23. Re3 Qc6 24. f3 Rf8 25. a3 Rxf3 26. Rxf3 Qxf3
27. Qxf3 Bxf3 28. Bb4 e5 29. Kf2 e4 30. c3 Kf7 31. Rc2 Ke6 32. Rd2 d5 33. Ke3
Ke5 34. h3 h5 35. Ba5 g6 36. Rc2 d4+ 37. cxd4+ Kd5 38. Rd2 Ra4 39. Bb4 a5 40.
Be7 Rc4 41. Rb2 b4 42. axb4 axb4 43. Rxb4 Rxb4 44. Bxb4 Bg2 45. h4 1/2-1/2

[Event "XIe open de Saint-Chély d'Aubrac"]
[Site "Saint-Chely d'Aubrac"]
[Date "2011.07.12"]
[Round "5.20"]
[White "Barnicol, Georges"]
[Black "Levy, Nicolas"]
[Result "0-1"]
[WhiteElo "1580"]
[BlackElo "1657"]
[PlyCount "120"]
[EventDate "2011.??.??"]

1. e4 c5 2. Nc3 e6 3. g3 Nc6 4. Bg2 Nf6 5. d3 Bd6 6. f4 e5 7. f5 a6 8. Nf3 O-O
9. O-O b5 10. Qe2 Re8 11. Bd2 Bb7 12. h3 Nd4 13. Qf2 Nxc2 14. Rac1 Nb4 15. Qe2
Nh5 16. Be1 Rc8 17. Nd2 Qg5 18. Kh2 c4 19. dxc4 bxc4 20. Nxc4 Rxc4 21. Bd2
Qxg3+ 22. Kh1 Qd3 23. Qxh5 Qxd2 24. Rcd1 Qxb2 25. f6 g6 26. Qg4 Re6 27. Nd5
Bxd5 28. exd5 Rxg4 29. hxg4 Re8 30. Rb1 Qxa2 31. Ra1 Qc4 32. g5 e4 33. Rac1
Qxc1 34. Rxc1 e3 35. Bf3 Bf4 36. Kg2 e2 37. Re1 Nd3 38. Rxe2 Rxe2+ 39. Bxe2 Nb4
40. Bc4 Bxg5 41. Kg3 Bxf6 42. Kg4 h5+ 43. Kh3 Kf8 44. d6 Be5 45. Kg2 Bxd6 46.
Be2 a5 47. Bd1 f5 48. Kh3 f4 49. Kg2 h4 50. Bg4 a4 51. Bxd7 a3 52. Be6 a2 53.
Bxa2 Nxa2 54. Kf3 g5 55. Kg4 Kf7 56. Kf3 h3 57. Kf2 Bc5+ 58. Kf3 g4+ 59. Kxg4
h2 60. Kxf4 h1=Q 0-1

[Event "XIe open de Saint-Chély d'Aubrac"]
[Site "Saint-Chely d'Aubrac"]
[Date "2011.07.13"]
[Round "6.1"]
[White "Riff, Jean-Noel"]
[Black "Cornette, Matthieu"]
[Result "1/2-1/2"]
[WhiteElo "2493"]
[BlackElo "2568"]
[PlyCount "26"]

1. e4 e5 2. Nf3 Nc6 3. Bb5 a6 4. Bxc6 dxc6 5. O-O Bg4 6. h3 h5 7. c3 Qd3 8.
hxg4 hxg4 9. Nxe5 Bd6 10. Nxd3 Bh2+ 11. Kh1 Be5+ 12. Kg1 Bh2+ 13. Kh1 Bf4+
1/2-1/2

[Event "XIe open de Saint-Chély d'Aubrac"]
[Site "Saint-Chely d'Aubrac"]
[Date "2011.07.13"]
[Round "6.2"]
[White "Benmesbah, Natacha"]
[Black "Biaux, Alain"]
[Result "1-0"]
[WhiteElo "2217"]
[BlackElo "1909"]
[PlyCount "59"]

1. e4 e6 2. d4 d5 3. Nc3 Nf6 4. Bd3 c5 5. exd5 cxd4 6. Nb5 Nxd5 7. Nf3 Nc6 8.
Nbxd4 Nxd4 9. Nxd4 Nb4 10. Bb5+ Bd7 11. Bxd7+ Qxd7 12. O-O Be7 13. a3 Nc6 14.
Be3 O-O 15. Nb5 Rfd8 16. Qe2 b6 17. Rfd1 Qb7 18. Bf4 Rxd1+ 19. Rxd1 Rd8 20. h3
Rxd1+ 21. Qxd1 a6 22. Nc3 Nd8 23. Qd3 b5 24. Ne4 Qc6 25. Bd6 Bxd6 26. Nxd6 h6
27. Nxb5 Qxb5 28. Qxd8+ Kh7 29. Qd3+ Qxd3 30. cxd3 1-0

[Event "XIe open de Saint-Chély d'Aubrac"]
[Site "Saint-Chely d'Aubrac"]
[Date "2011.07.13"]
[Round "6.3"]
[White "Galloux, Maxime"]
[Black "Lagunes, Robin"]
[Result "1-0"]
[WhiteElo "2075"]
[BlackElo "1835"]
[PlyCount "89"]

1. c4 e5 2. g3 g6 3. Nc3 Bg7 4. Bg2 d6 5. Nf3 Nc6 6. O-O Nge7 7. Rb1 O-O 8. d3
f5 9. Qc2 h6 10. b4 Qe8 11. Nd5 Qd8 12. b5 Nb8 13. a4 Nxd5 14. cxd5 Nd7 15. Ba3
Nf6 16. Nd2 f4 17. Rfc1 Rf7 18. Rb4 Bf5 19. Rc4 Rc8 20. a5 b6 21. Rc6 Bf8 22.
axb6 axb6 23. Nc4 Rb8 24. Nd2 Rb7 25. Bb2 fxg3 26. hxg3 h5 27. e4 Bg4 28. d4 h4
29. dxe5 Nh5 30. e6 Rh7 31. Nf1 hxg3 32. fxg3 Bh6 33. Re1 Nxg3 34. Nxg3 Bf4 35.
Qf2 Qg5 36. Bc1 Bxc1 37. Rcxc1 Rb8 38. Rf1 Qh4 39. Bh1 Bh3 40. Qf4 Bg4 41. Rf2
Ra8 42. Bf3 Ra3 43. Qxg4 Qh6 44. Rcf1 Rb3 45. Nf5 1-0

[Event "XIe open de Saint-Chély d'Aubrac"]
[Site "Saint-Chely d'Aubrac"]
[Date "2011.07.13"]
[Round "6.4"]
[White "Messinger, Karl"]
[Black "Tassetti, Florent"]
[Result "1/2-1/2"]
[WhiteElo "1988"]
[BlackElo "1692"]
[PlyCount "166"]
[EventDate "2011.??.??"]

1. e4 d6 2. d4 Nf6 3. Nc3 g6 4. f3 Bg7 5. Be3 O-O 6. Qd2 Re8 7. O-O-O c6 8. g4
b5 9. h4 h5 10. gxh5 Nxh5 11. Nge2 Nd7 12. Nf4 Ndf6 13. Nce2 e5 14. dxe5 Rxe5
15. Bd4 Qe8 16. Bxe5 dxe5 17. Nxh5 Nxh5 18. Qd8 Be6 19. Qxe8+ Rxe8 20. Bh3 Bc4
21. Rhe1 Bf6 22. Bd7 Re7 23. Nc3 Bxh4 24. Rh1 Bg5+ 25. Kb1 b4 26. b3 Ba6 27.
Na4 Be2 28. Rd6 Bxf3 29. Re1 Bxe4 30. Rxe4 Nf6 31. Rxb4 Rxd7 32. Rxd7 Nxd7 33.
Rb7 Nf8 34. Rxa7 f5 35. c4 e4 36. Nc3 e3 37. Ne2 Ne6 38. Ng1 Nd4 39. Rd7 e2 40.
Nxe2 Nxe2 41. a4 f4 42. Rd3 Be7 43. a5 Bc5 44. Kc2 f3 45. Kd2 Nd4 46. Ke3 Nc2+
47. Kd2 f2 48. Rf3 Nb4 49. Ke2 Kg7 50. Rc3 g5 51. Rc1 g4 52. Ra1 Na6 53. Kf1 g3
54. Kg2 Bd6 55. Rd1 Bb8 56. Rd7+ Kf6 57. Rb7 Bc7 58. b4 Ke6 59. b5 Nb4 60. bxc6
Nc2 61. Rb3 Bxa5 62. Rxg3 Kd6 63. Rg6+ Kc5 64. Rg5+ Kb6 65. Rxa5 Ne3+ 66. Kxf2
Nxc4 67. c7 Nd6 68. Rh5 Kxc7 69. Ke3 Kc6 70. Kd4 Nb5+ 71. Kc4 Nd6+ 72. Kb4 Nb7
73. Rg5 Nd6 74. Rc5+ Kd7 75. Re5 Kc6 76. Re1 Nf5 77. Kc4 Kd6 78. Re4 Ne7 79.
Rd4+ Ke5 80. Rd1 Nf5 81. Kc5 Ke4 82. Re1+ Kf4 83. Kd5 Ne3+ 1/2-1/2

[Event "XIe open de Saint-Chély d'Aubrac"]
[Site "Saint-Chely d'Aubrac"]
[Date "2011.07.13"]
[Round "6.5"]
[White "Carno, Matthias"]
[Black "De Leeuw, Johannes"]
[Result "1/2-1/2"]
[WhiteElo "1921"]
[BlackElo "1827"]
[PlyCount "25"]

1. e4 e5 2. Nf3 Nc6 3. Bc4 Be7 4. O-O Nf6 5. Nc3 O-O 6. d4 d6 7. dxe5 dxe5 8.
h3 Qxd1 9. Rxd1 a6 10. a4 h6 11. Nd5 Bd8 12. Nxf6+ Bxf6 13. c3 1/2-1/2

[Event "XIe open de Saint-Chély d'Aubrac"]
[Site "Saint-Chely d'Aubrac"]
[Date "2011.07.13"]
[Round "6.6"]
[White "Griggio, Jean-Paul"]
[Black "Guichard, Pauline"]
[Result "0-1"]
[WhiteElo "1784"]
[BlackElo "2305"]
[PlyCount "78"]

1. e4 c5 2. Nf3 e6 3. d3 Nc6 4. g3 d5 5. Nbd2 Nf6 6. Bg2 Be7 7. O-O b5 8. Re1
Bb7 9. exd5 exd5 10. Nf1 O-O 11. h4 Re8 12. Bd2 Qd7 13. Ne5 Nxe5 14. Rxe5 Bd6
15. Rxe8+ Rxe8 16. Qf3 Be5 17. c3 Ba8 18. Re1 d4 19. Qd1 Bxg2 20. Kxg2 Qd5+ 21.
Qf3 Qd6 22. Nh2 h6 23. Qf5 g6 24. Qf3 Kg7 25. Ng4 Nxg4 26. Qxg4 Re6 27. f4 dxc3
28. Bxc3 Bxc3 29. Rxe6 Qxe6 30. Qxe6 fxe6 31. bxc3 a5 32. Kf3 Kf6 33. g4 h5 34.
gxh5 gxh5 35. Ke4 a4 36. a3 b4 37. cxb4 cxb4 38. Kd4 bxa3 39. Kc3 Kf5 0-1

[Event "XIe open de Saint-Chély d'Aubrac"]
[Site "Saint-Chely d'Aubrac"]
[Date "2011.07.13"]
[Round "6.7"]
[White "Schmitt, Claude"]
[Black "Van Hoolandt, Patrick"]
[Result "0-1"]
[WhiteElo "1831"]
[BlackElo "2166"]
[PlyCount "84"]

1. c4 e5 2. Nc3 Nc6 3. g3 g6 4. Bg2 Bg7 5. e3 d6 6. d3 Nge7 7. Nge2 h5 8. h4
Bg4 9. Rb1 a6 10. b4 Qc8 11. a4 a5 12. bxa5 Rxa5 13. Qb3 b6 14. Bd2 O-O 15. Nd5
Ra7 16. Nec3 Nxd5 17. Nxd5 Bd7 18. O-O Re8 19. Nc3 Na5 20. Qa3 Bc6 21. Nb5 Bxg2
22. Kxg2 Ra6 23. f3 Nb7 24. Bb4 Qd7 25. Qb3 Rea8 26. Nc3 Nd8 27. Ba3 Ne6 28.
Rf2 Kh7 29. Bc1 Nc5 30. Qc2 Nxa4 31. Nxa4 Qxa4 32. Qxa4 Rxa4 33. Rc2 f5 34. Kh2
Ra2 35. Rbb2 Rxb2 36. Rxb2 Ra1 37. Bd2 Ra3 38. Kg2 e4 39. d4 exf3+ 40. Kf2 Kg8
41. Rc2 Kf7 42. Bc3 c5 0-1

[Event "XIe open de Saint-Chély d'Aubrac"]
[Site "Saint-Chely d'Aubrac"]
[Date "2011.07.13"]
[Round "6.8"]
[White "Muller, Anne"]
[Black "Lagunes, Jean-Renaud"]
[Result "1-0"]
[WhiteElo "2140"]
[BlackElo "2116"]
[PlyCount "99"]

1. e4 d6 2. d4 Nf6 3. Nc3 g6 4. Be3 c6 5. Bd3 b5 6. Nf3 Bg7 7. Qd2 O-O 8. a4 b4
9. Ne2 a5 10. h3 Qc7 11. Ng3 Nbd7 12. O-O Bb7 13. c3 bxc3 14. bxc3 c5 15. Bh6
e5 16. Bxg7 Kxg7 17. Rfe1 h6 18. Rab1 Bc6 19. Bb5 Rfb8 20. Nh4 Ng8 21. f4 Bxb5
22. axb5 c4 23. Rf1 f6 24. fxe5 dxe5 25. Qe2 exd4 26. Ngf5+ gxf5 27. Nxf5+ Kh7
28. cxd4 Nf8 29. Rf3 Rb6 30. Rc3 Rc8 31. Ne3 Qd7 32. Rxc4 Ne6 33. Nd5 Rb7 34.
b6 Rxc4 35. Qxc4 Ng5 36. Re1 Nxh3+ 37. Kh2 Ng5 38. e5 Qg4 39. Qd3+ Kh8 40. Rf1
fxe5 41. dxe5 Rg7 42. Nf4 Qh4+ 43. Kg1 Qg4 44. Qb3 a4 45. Qd5 a3 46. b7 Nh3+
47. Nxh3 Qxh3 48. b8=Q Qe3+ 49. Kh1 Rg5 50. Qf3 1-0

[Event "XIe open de Saint-Chély d'Aubrac"]
[Site "Saint-Chely d'Aubrac"]
[Date "2011.07.13"]
[Round "6.9"]
[White "Huin, Eric"]
[Black "Hug, Timothee"]
[Result "1-0"]
[WhiteElo "1869"]
[BlackElo "1786"]
[PlyCount "33"]

1. e4 c5 2. Nc3 Nc6 3. Bc4 g6 4. d3 Bg7 5. Nge2 Nf6 6. Bg5 O-O 7. Qd2 Na5 8.
O-O a6 9. a4 Nxc4 10. dxc4 Qb6 11. e5 Ng4 12. Nd5 Qxb2 13. f4 Bxe5 14. fxe5
Qxe5 15. Bf4 Qh5 16. h3 Nf6 17. Nxe7+ 1-0

[Event "XIe open de Saint-Chély d'Aubrac"]
[Site "Saint-Chely d'Aubrac"]
[Date "2011.07.13"]
[Round "6.10"]
[White "Devoille, Hugo"]
[Black "Burri, Quentin"]
[Result "1-0"]
[WhiteElo "1786"]
[BlackElo "1657"]
[PlyCount "83"]

1. e4 c5 2. Nf3 d6 3. Bb5+ Nc6 4. O-O Bg4 5. h3 Bxf3 6. Qxf3 a6 7. Bxc6+ bxc6
8. c3 g6 9. d4 cxd4 10. cxd4 Bg7 11. Rd1 Qb6 12. Qd3 Qb5 13. Nc3 Qxd3 14. Rxd3
Rb8 15. Rb1 h5 16. Be3 Nh6 17. Na4 O-O 18. Rc1 Rfc8 19. a3 f5 20. f3 fxe4 21.
fxe4 Nf7 22. Rdc3 Nd8 23. e5 dxe5 24. d5 e4 25. R3c2 Rb3 26. Bg5 Kf7 27. Kh1 c5
28. Rxc5 Rxc5 29. Rxc5 e3 30. Rc7 Bf6 31. Bxf6 Kxf6 32. Kg1 Rd3 33. Nc3 Rd1+
34. Kh2 e5 35. Rc8 e2 36. Nxe2 Rxd5 37. Nc3 Rd4 38. Ra8 e4 39. Nxe4+ Rxe4 40.
Rxd8 Re2 41. Rd6+ Kg5 42. b4 1-0